[Event "24th European Teams Women"]
[Site "Budva MNE"]
[Date "2023.11.20"]
[Round "9.6"]
[White "Tsolakidou, Stavroula"]
[Black "Unuk, Laura"]
[Result "1/2-1/2"]
[WhiteElo "2389"]
[BlackElo "2310"]
[EventDate "2021.11.11"]
[Board "1"]

1. e4 e6 2. d4 d5 3. e5 c5 4. c3 Nc6 5. Nf3 Nge7 6. Na3 Bd7 7. Nc2 cxd4 8.
cxd4 Nf5 9. Bd3 Nb4 10. Nxb4 Bxb4+ 11. Kf1 Qa5 12. g4 Ne7 13. a3 Bb5 14.
Kg2 Bxd3 15. Qxd3 Nc6 16. Qb3 b5 17. Be3 Be7 18. Rhc1 Qb6 19. Qd3 O-O 20.
Rc2 Rac8 21. Rac1 a6 22. h4 Qb7 23. Bd2 f6 24. Qe3 f5 25. g5 Na7 26. Ne1
Rxc2 27. Rxc2 Rc8 28. Rxc8+ Qxc8 29. Nd3 g6 30. Bb4 Bxb4 31. axb4 Kf7 32.
h5 Nc6 33. hxg6+ hxg6 34. Qh3 Qg8 35. Qh4 1/2-1/2

[Event "24th European Teams Women"]
[Site "Budva MNE"]
[Date "2023.11.20"]
[Round "9.6"]
[White "Urh, Zala"]
[Black "Avramidou, Anastasia"]
[Result "1/2-1/2"]
[WhiteElo "2249"]
[BlackElo "2247"]
[EventDate "2021.11.11"]
[Board "2"]

1. d4 Nf6 2. c4 e6 3. Nf3 d5 4. g3 Bb4+ 5. Bd2 a5 6. Bg2 O-O 7. Qc2 c5 8.
cxd5 cxd4 9. Nxd4 Qb6 10. e3 exd5 11. O-O Nc6 12. Nxc6 bxc6 13. Rc1 Rb8 14.
Nc3 h5 15. a3 Be7 16. Na4 Qd8 17. Qxc6 Bd7 18. Qc2 h4 19. Nc3 Bg4 20. Qd3
Rxb2 21. Qd4 h3 22. Bxd5 Kh8 23. e4 Qd7 24. Nd1 Rxd2 25. Qxd2 Nxe4 26. Qf4
Qxd5 27. Ne3 Qa8 28. Qxg4 Ng5 29. f4 Nf3+ 30. Kf2 Nd2 31. Qxh3+ Kg8 32. Qg2
Qa7 33. Ra2 Nb3 34. Rc3 a4 35. Qc6 Bf6 36. Rc4 Bd4 37. Re2 Na5 38. Qxa4
Nxc4 39. Qxc4 Rd8 40. Qb3 Qa8 41. h4 Rc8 42. Qd3 Qa7 43. Qe4 Rc3 44. Qe8+
Kh7 45. Qe4+ Kg8 46. Qe8+ Kh7 47. Qe4+ Kg8 1/2-1/2

[Event "24th European Teams Women"]
[Site "Budva MNE"]
[Date "2023.11.20"]
[Round "9.6"]
[White "Pavlidou, Ekaterini"]
[Black "Shpanko, Nadiia"]
[Result "1-0"]
[WhiteElo "2143"]
[BlackElo "2177"]
[EventDate "2021.11.11"]
[Board "3"]

1. d4 d5 2. c4 e6 3. Nc3 Nf6 4. cxd5 exd5 5. Bg5 c6 6. e3 h6 7. Bh4 Be7 8.
Bd3 O-O 9. f3 Re8 10. Nge2 b5 11. Bf2 Nbd7 12. O-O a5 13. Ng3 b4 14. Nce2
c5 15. b3 Qb6 16. Rc1 Ba6 17. Nf5 Bf8 18. g4 g6 19. Nfg3 cxd4 20. exd4 Bxd3
21. Qxd3 Qa6 22. Qd2 a4 23. Rc2 Rec8 24. Rfc1 Rxc2 25. Qxc2 axb3 26. axb3
Nb6 27. Qd1 Ne8 28. Kg2 Nd6 29. Nf4 Nb5 30. Nd3 Nc3 31. Qd2 Qa2 32. Qf4 Nd7
33. Ne5 Nxe5 34. dxe5 Ne2 35. Nxe2 Qxe2 36. Re1 Qc2 37. e6 fxe6 38. Rc1 g5
39. Qxf8+ Kxf8 40. Rxc2 Ra3 41. Rb2 Ra5 42. Bd4 Ke7 43. Be5 Ra1 44. Kf2 Kd7
45. Ke3 Re1+ 46. Kd4 Rf1 47. Kc5 Rxf3 48. Ra2 d4 49. Ra7+ Ke8 50. Kd6 Rxb3
51. Kxe6 Ra3 52. Rh7 Ra6+ 53. Bd6 Rxd6+ 54. Kxd6 d3 55. Ke6 Kf8 56. Rd7 1-0

[Event "24th European Teams Women"]
[Site "Budva MNE"]
[Date "2023.11.20"]
[Round "9.6"]
[White "Janzelj, Lara"]
[Black "Makropoulou, Marina"]
[Result "1/2-1/2"]
[WhiteElo "2201"]
[BlackElo "2124"]
[EventDate "2021.11.11"]
[Board "4"]

1. d4 d5 2. c4 e6 3. Nf3 Nf6 4. g3 Bb4+ 5. Nbd2 O-O 6. Bg2 Be7 7. O-O Nbd7
8. Qc2 c6 9. Rd1 b6 10. e4 Bb7 11. e5 Ne8 12. b3 Rc8 13. Nf1 c5 14. Ne3
cxd4 15. Rxd4 Qc7 16. Qd1 Nxe5 17. Nxe5 Qxe5 18. Bb2 Qb8 19. cxd5 Bf6 20.
Rd2 Bxb2 21. Rxb2 exd5 22. Bxd5 Nf6 23. Bxb7 Qxb7 24. Rd2 Qc7 25. Qe2 g6
26. Qf3 Qc6 27. Qf4 Rcd8 28. Rad1 Rxd2 29. Rxd2 Qc1+ 30. Rd1 Qc3 31. Nc4
Re8 32. Kg2 Qc2 33. Rd4 Kg7 34. Nd6 Re6 35. h4 h5 36. Nc4 Re4 37. Rxe4
Qxe4+ 38. Qxe4 Nxe4 39. Ne5 Nc3 40. a4 Kf6 41. f4 Ne4 42. b4 Ke6 43. Kf3
Nd6 44. g4 Kd5 45. Kg3 Ne4+ 46. Kf3 Nd6 47. Kg3 Ne4+ 48. Kf3 Nd6 1/2-1/2

[Event "24th European Teams Women"]
[Site "Budva MNE"]
[Date "2023.11.20"]
[Round "9.7"]
[White "Bulmaga, Irina"]
[Black "Garcia Martin, Marta"]
[Result "1/2-1/2"]
[WhiteElo "2430"]
[BlackElo "2350"]
[EventDate "2021.11.11"]
[Board "1"]

1. e4 c5 2. Nf3 d6 3. d4 cxd4 4. Nxd4 Nf6 5. Nc3 Nc6 6. Bg5 e6 7. Bb5 Bd7
8. Qd3 Be7 9. O-O-O Nxd4 10. Bxd7+ Nxd7 11. Bxe7 Kxe7 12. Qxd4 Qb6 13. Qxb6
Nxb6 14. Rd4 Rhc8 15. Rhd1 Rc6 16. Nb5 d5 17. exd5 Nxd5 18. c4 a6 19. Kb1
Nf6 20. Nd6 b6 21. g4 h6 22. h4 Nxg4 23. Rxg4 Rd8 24. Rxg7 Rdxd6 25. Rxd6
Rxd6 26. Rg3 Rd1+ 27. Kc2 Rd4 28. Rc3 Kd6 29. b4 Rxh4 30. Kd2 h5 31. a3 Kc6
32. c5 Rf4 33. Ke3 e5 34. cxb6+ Kxb6 35. Rd3 f6 36. Rd6+ Kb5 37. Rd8 Rc4
38. Rb8+ Kc6 39. Rf8 Kd5 40. Kd3 Rf4 41. Ke2 Kc4 42. Ra8 Kb5 43. Ra7 h4 44.
Ra8 Rc4 45. Rb8+ Kc6 46. Rf8 Rf4 47. Ra8 Kb6 48. Rb8+ Kc7 49. Ra8 Kb7 50.
Rf8 f5 51. Ke3 h3 52. Rh8 Rc4 53. Kd3 Rd4+ 54. Ke2 a5 55. bxa5 Ka6 56. Rxh3
Kxa5 57. Rf3 f4 58. Rd3 Re4+ 59. Kf3 Re1 60. Rb3 Ka4 61. Rb4+ Kxa3 62. Re4
Rf1 63. Rxe5 Kb4 64. Re2 Kc4 65. Kxf4 Kd3 66. Kf3 Kd4 67. Re7 Kd5 68. Re2
Ra1 69. Kg4 Ra8 70. f4 Rg8+ 71. Kf3 Rf8 72. Re5+ Kd6 73. Kg4 Rg8+ 74. Kf3
Rg7 75. Ke4 Rg8 76. Kf5 Rf8+ 77. Kg4 Rg8+ 78. Kf3 Rg6 79. Ra5 Ke7 80. Ke4
Rb6 81. Kf5 Kf7 82. Ra7+ Kf8 83. Kg5 Rc6 84. f5 Rb6 85. f6 Rb1 1/2-1/2

[Event "24th European Teams Women"]
[Site "Budva MNE"]
[Date "2023.11.20"]
[Round "9.7"]
[White "Vega Gutierrez, Sabrina"]
[Black "Sandu, Mihaela"]
[Result "1-0"]
[WhiteElo "2381"]
[BlackElo "2292"]
[EventDate "2021.11.11"]
[Board "2"]

1. e4 c5 2. Nf3 d6 3. d4 cxd4 4. Nxd4 Nf6 5. Nc3 a6 6. h4 Nc6 7. Nxc6 bxc6
8. h5 h6 9. e5 Nd7 10. exd6 exd6 11. Bf4 Nf6 12. Qf3 d5 13. O-O-O Bd6 14.
Re1+ Be6 15. g4 Bxf4+ 16. Qxf4 O-O 17. Rg1 Nd7 18. Qd2 Qh4 19. f3 Rfe8 20.
Re2 Rab8 21. a3 Qd8 22. Reg2 Ne5 23. Be2 f6 24. f4 Nf7 25. Qd4 a5 26. Na4
Bc8 27. Bd3 Rb7 28. Bg6 Rbe7 29. Nc5 Re1+ 30. Rxe1 Rxe1+ 31. Kd2 Re7 32.
Bxf7+ Kxf7 33. b3 Qe8 34. Qd3 Qd8 35. Kc3 Qd6 36. Qd4 Re1 37. Qf2 Qe7 38.
Nd3 Ra1 39. g5 Bf5 40. gxh6 gxh6 41. Qg3 Qf8 42. Qe3 Qb8 43. Re2 Be4 44.
Kb2 Rf1 45. Qh3 Rh1 46. Qd7+ Kg8 47. Qe6+ Kg7 48. Qe7+ Kg8 49. Nf2 1-0

[Event "24th European Teams Women"]
[Site "Budva MNE"]
[Date "2023.11.20"]
[Round "9.7"]
[White "Lehaci, Miruna-Daria"]
[Black "Matnadze Bujiashvili, Ann"]
[Result "0-1"]
[WhiteElo "2225"]
[BlackElo "2397"]
[EventDate "2021.11.11"]
[Board "3"]

1. e4 c6 2. Nf3 d5 3. Nc3 g6 4. d4 dxe4 5. Nxe4 Bg7 6. h3 Nf6 7. Nxf6+ exf6
8. Bd3 O-O 9. O-O Qc7 10. c4 Be6 11. Bd2 Rd8 12. Qc2 Na6 13. Bc3 Qd7 14.
Rfd1 Nc7 15. a4 b5 16. axb5 cxb5 17. b3 Bxh3 18. gxh3 Qxh3 19. Nh2 Ne6 20.
Bf1 Qh4 21. Rd3 bxc4 22. bxc4 Nxd4 23. Bxd4 Rxd4 24. Rxd4 Qxd4 25. Rd1 Qf4
26. Bg2 Rc8 27. c5 f5 28. c6 Bf6 29. Qa2 Rc7 30. Qd5 Kg7 31. Nf3 h5 32. Ne1
h4 33. Nd3 Qg4 34. Qf3 Qa4 35. Rc1 Qa3 36. Rf1 a5 37. Nf4 Qc5 38. Nd3 Qa3
39. Nf4 Qc5 40. Qd5 Qc3 41. Qd3 Qe5 42. Qe3 Qxe3 43. fxe3 a4 44. Rc1 a3 45.
Bd5 Be5 46. Nd3 Bd6 47. Nc5 f4 48. e4 g5 49. Rc2 Ra7 50. Nd3 Bc7 51. Nf2
Ra4 52. Kg2 Rd4 53. Kh3 f5 54. Ra2 g4+ 55. Kg2 h3+ 56. Kh1 g3 57. Nxh3 f3
58. Ra1 Rd2 59. Kg1 Rh2 60. Rb1 f2+ 0-1

[Event "24th European Teams Women"]
[Site "Budva MNE"]
[Date "2023.11.20"]
[Round "9.7"]
[White "Grabuzova, Tatiana"]
[Black "Ciolacu, Alessia-Mihaela"]
[Result "1/2-1/2"]
[WhiteElo "2188"]
[BlackElo "2175"]
[EventDate "2021.11.11"]
[Board "4"]

1. d4 Nf6 2. c4 e6 3. g3 Bb4+ 4. Nd2 O-O 5. Bg2 d5 6. Nf3 b6 7. O-O Bb7 8.
Ne5 Nbd7 9. Ndf3 Be7 10. Qa4 Qe8 11. Nxd7 Qxd7 12. Qxd7 Nxd7 13. Bf4 c5 14.
Ne5 Nxe5 15. dxe5 Rad8 16. Rfd1 Rd7 17. Rd2 g5 18. Be3 d4 19. f4 Rfd8 20.
Rad1 Ba6 21. b3 b5 22. cxb5 Bxb5 23. Bf2 a5 24. a4 Ba6 25. Be4 Bb7 26. Bxb7
Rxb7 27. e3 Rxb3 28. exd4 c4 29. Rc2 c3 30. Rdc1 Rc8 31. Be1 Bb4 32. Kf2
Rc4 33. Ke3 Ba3 34. Kd3 Rcb4 35. Rd1 Bb2 36. Bxc3 Ra3 37. Kd2 Bxc3+ 38.
Rxc3 Rxd4+ 39. Ke3 Rdxa4 40. Rxa3 Rxa3+ 41. Ke4 gxf4 42. gxf4 Ra2 43. Rd8+
Kg7 44. Ra8 a4 45. Kf3 a3 46. Kg4 Ra1 47. Kh5 Ra2 48. h4 Ra1 49. Ra7 a2 50.
Ra8 Rf1 51. Rxa2 Rxf4 52. Rg2+ Kf8 53. Rh2 Rf5+ 54. Kh6 Rxe5 55. h5 Rf5 56.
Kxh7 e5 57. h6 Rg5 58. Kh8 e4 59. h7 e3 60. Re2 Rg3 61. Rxe3 Rxe3 1/2-1/2

[Event "24th European Teams Women"]
[Site "Budva MNE"]
[Date "2023.11.20"]
[Round "9.8"]
[White "Yao, Lan"]
[Black "Cramling, Pia"]
[Result "1-0"]
[WhiteElo "2344"]
[BlackElo "2440"]
[EventDate "2021.11.11"]
[Board "1"]

1. e4 c5 2. Nf3 Nc6 3. d4 cxd4 4. Nxd4 e6 5. Nc3 Qc7 6. Be3 a6 7. g4 h6 8.
h4 Nf6 9. Nxc6 bxc6 10. Qf3 Rb8 11. O-O-O Qa5 12. Rd3 Qb4 13. b3 d6 14. e5
Nd7 15. exd6 Ne5 16. Qd1 Nxd3+ 17. Qxd3 Qxd6 18. Qe4 Qb4 19. Qxc6+ Bd7 20.
Qc4 Rc8 21. Qxb4 Bxb4 22. Ne4 Bc6 23. f3 f5 24. gxf5 exf5 25. Nd2 a5 26.
Rg1 Bc3 27. Bd3 Rf8 28. Nc4 Rd8 29. Bc5 Rf7 30. Nd6+ Rxd6 31. Bxd6 Bxf3 32.
Bb5+ Kd8 33. Rg3 Bf6 34. Rxf3 Bxh4 35. Rd3 Bg5+ 36. Bf4+ Ke7 37. Bxg5+ hxg5
38. Rd7+ 1-0

[Event "24th European Teams Women"]
[Site "Budva MNE"]
[Date "2023.11.20"]
[Round "9.8"]
[White "Frisk, Ellinor"]
[Black "Hunt, Harriet V"]
[Result "1/2-1/2"]
[WhiteElo "2161"]
[BlackElo "2315"]
[EventDate "2021.11.11"]
[Board "2"]

1. c4 e5 2. e3 g6 3. d4 exd4 4. exd4 Bg7 5. Nf3 Ne7 6. d5 d6 7. Be2 O-O 8.
O-O Nd7 9. Nd4 a5 10. Nc3 Nc5 11. Bg5 h6 12. Be3 Kh7 13. Qd2 Bd7 14. Rad1
Ng8 15. Rfe1 Nf6 16. f3 Re8 17. Bf2 h5 18. Bf1 Bh6 19. Qc2 Rxe1 20. Rxe1
Ng8 21. Ne4 b6 22. b3 Nxe4 23. Qxe4 Qf8 24. Qc2 Re8 25. Rxe8 Qxe8 26. Qe2
Qd8 27. h4 Bg7 28. g3 Nh6 29. Kh2 Be5 30. Kg2 Qc8 31. Kg1 Kg7 32. Qd2 Qd8
33. Bd3 Qf6 34. Qe3 Qe7 35. Qe2 Qf6 36. Qe3 Qe7 37. Qe2 Ng8 38. f4 Bf6 39.
Qxe7 Nxe7 40. a4 Kf8 41. Kf1 Ke8 42. Ke1 Bg4 43. Be3 Kd7 44. Kd2 Bg7 45.
Bc2 Bf6 1/2-1/2

[Event "24th European Teams Women"]
[Site "Budva MNE"]
[Date "2023.11.20"]
[Round "9.8"]
[White "Toma, Katarzyna"]
[Black "Cramling Bellon, Anna"]
[Result "1-0"]
[WhiteElo "2193"]
[BlackElo "2085"]
[EventDate "2021.11.11"]
[Board "3"]

1. e4 c5 2. Nf3 Nc6 3. d4 cxd4 4. Nxd4 e5 5. Nb5 a6 6. N5c3 Bc5 7. Bc4 Nf6
8. Bg5 O-O 9. O-O b5 10. Bb3 h6 11. Bh4 Nd4 12. Nd5 g5 13. Bg3 d6 14. Nbc3
Nxb3 15. axb3 Bb7 16. Nxf6+ Qxf6 17. Kh1 b4 18. Nd5 Bxd5 19. Qxd5 Qe6 20.
Qd3 Bd4 21. Ra2 a5 22. f3 a4 23. Rxa4 Rxa4 24. bxa4 Bxb2 25. Be1 Rb8 26.
Qb3 Bd4 27. Bd2 Qxb3 28. cxb3 Bc3 29. Be3 Kf8 30. Rd1 Ke7 31. g4 Rc8 32.
Rc1 Kd7 33. Kg2 Ra8 34. Kf1 Ke6 35. Rd1 f6 36. Ke2 Rh8 37. a5 Ra8 38. Rd5
Kd7 39. Kd3 Kc6 40. Kc4 Ra6 41. Rb5 Ra8 42. Rb6+ Kc7 43. Kb5 Bd4 44. Bxd4
exd4 45. Rc6+ Kd7 46. Rc4 d3 47. Rd4 Rc8 48. Kxb4 Rc2 49. Rxd3 Rxh2 50. Kb5
Rc2 51. b4 Kc7 52. Rd5 h5 53. gxh5 Rh2 54. Rf5 Rxh5 55. a6 Rh6 56. Ka5 Rh1
57. Rxf6 Kc6 58. b5+ Kc5 59. Rf5+ Kc4 60. a7 Ra1+ 61. Kb6 1-0

[Event "24th European Teams Women"]
[Site "Budva MNE"]
[Date "2023.11.20"]
[Round "9.8"]
[White "Ostensson, Julia"]
[Black "Kalaiyalahan, Akshaya"]
[Result "1/2-1/2"]
[WhiteElo "1900"]
[BlackElo "2176"]
[EventDate "2021.11.11"]
[Board "4"]

1. e4 c5 2. Nf3 Nc6 3. Bb5 g6 4. O-O Bg7 5. Re1 Nf6 6. e5 Nd5 7. Nc3 Nc7 8.
Bxc6 dxc6 9. Ne4 b6 10. Nf6+ Kf8 11. Ne4 Bg4 12. d3 h6 13. h3 Be6 14. Bf4
Kg8 15. Qe2 Bd5 16. Bg3 Ne6 17. a4 a5 18. Ra3 Kh7 19. Qe3 Rf8 20. d4 Bxe4
21. Qxe4 Nxd4 22. Rd3 Nxf3+ 23. Qxf3 Qc8 24. Red1 Qe6 25. Qg4 f5 26. exf6
Qxg4 27. hxg4 Bxf6 28. Rd7 b5 29. b3 c4 30. Rb7 cxb3 31. cxb3 bxa4 32. bxa4
c5 33. Rc1 Rfc8 34. Rc7 Rxc7 35. Bxc7 Bd4 36. Bb6 Rc8 37. Bxa5 Ra8 38. Bb6
Rxa4 39. Bxc5 Bxc5 40. Rxc5 Rxg4 41. Re5 Kg7 42. Rxe7+ Kf6 43. Ra7 Rd4 44.
Kh2 h5 45. Ra5 Rd2 46. Kg3 g5 47. Ra6+ Kf5 48. Ra5+ Kf6 1/2-1/2

[Event "24th European Teams Women"]
[Site "Budva MNE"]
[Date "2023.11.20"]
[Round "9.9"]
[White "Roebers, Eline"]
[Black "Efroimski, Marsel"]
[Result "1/2-1/2"]
[WhiteElo "2385"]
[BlackElo "2448"]
[EventDate "2021.11.11"]
[Board "1"]

1. b3 Nf6 2. Bb2 g6 3. g3 Bg7 4. Bg2 d5 5. d3 c5 6. Nf3 Nc6 7. O-O O-O 8.
e3 Qc7 9. Nbd2 b6 10. Qe2 Bb7 11. c4 e5 12. cxd5 Nxd5 13. Rfc1 Qd7 14. a3
Rfe8 15. Rab1 Rad8 16. Ne1 f5 17. Ba1 Ba8 18. Rc2 f4 19. Bf3 fxe3 20. fxe3
Bh6 21. Bxd5+ Qxd5 22. Ne4 Bg7 23. b4 cxb4 24. axb4 Qd7 25. Bc3 Ne7 26. Nf2
Rc8 27. e4 Rc7 28. Bd2 Rxc2 29. Nxc2 Rc8 30. Bg5 Nc6 31. Ng4 Qe6 32. b5 h5
33. Nge3 Nd4 34. Nxd4 exd4 35. Nc4 Rc5 36. Bf4 Qd7 37. Qa2 Kh7 38. Ra1 Bxe4
39. dxe4 d3 40. Rc1 Qd4+ 41. Be3 Rxc4 42. Rxc4 Qxe3+ 43. Qf2 Qg5 44. Rc7
Qd8 45. Qf7 Qd4+ 46. Kf1 Qa1+ 47. Kf2 Qb2+ 48. Kg1 d2 49. Rd7 Qb1+ 50. Kg2
Qxe4+ 51. Kh3 Qg4+ 52. Kg2 Qe2+ 53. Kh3 Qg4+ 54. Kg2 Qe2+ 55. Kh3 Qg4+ 56.
Kg2 Qe2+ 57. Kh3 1/2-1/2

[Event "24th European Teams Women"]
[Site "Budva MNE"]
[Date "2023.11.20"]
[Round "9.9"]
[White "Klinova, Masha"]
[Black "Van Foreest, Machteld"]
[Result "1/2-1/2"]
[WhiteElo "2245"]
[BlackElo "2308"]
[EventDate "2021.11.11"]
[Board "2"]

1. e4 c5 2. Nf3 e6 3. c4 Nc6 4. d4 cxd4 5. Nxd4 Nf6 6. Nc3 Bb4 7. Nxc6 bxc6
8. Bd3 e5 9. O-O O-O 10. h3 h6 11. Be3 Bxc3 12. bxc3 d6 13. f4 Qe7 14. Qf3
Rd8 15. Rad1 Ba6 16. Rd2 Rd7 17. g4 d5 18. fxe5 Nxe4 19. Bxe4 dxe4 20. Rxd7
Qxd7 21. Qxe4 Rd8 22. Rf2 Qe6 23. Bxa7 Bxc4 24. Bd4 Bxa2 25. Qf5 Qd5 26. g5
hxg5 27. Qxg5 c5 28. Bxc5 f6 29. Qe3 fxe5 30. Kh2 Bb1 31. Be7 Ra8 32. Qg5
Ra2 33. Rxa2 Qxa2+ 34. Qg2 Qe6 35. Bc5 Qc4 36. Qf2 Qxc3 37. Qf8+ Kh7 38.
Qf2 Qc4 39. Be7 e4 40. Bc5 Qd5 41. Be3 Bd3 42. Qh4+ Kg8 43. Qg5 Qd6+ 44.
Qf4 Qe6 45. Qg4 Qe5+ 46. Qf4 Qb2+ 47. Qf2 Be2 48. Bd4 Qc2 49. Qg2 Qc7+ 50.
Qg3 Qd7 51. Qe5 Bf3 52. Kg3 Kh7 53. Bc3 Qf7 54. Qg5 Bh5 55. Qf4 Qg6+ 56.
Kf2 Qb6+ 57. Kg3 Qg1+ 58. Kh4 Bg6 59. Qe5 Qf2+ 60. Kg5 Qg2+ 61. Kh4 Qf2+
62. Kg5 Qf8 63. Bd4 Qd8+ 64. Kg4 Qd7+ 65. Kf4 Qf7+ 66. Kg5 Qf8 67. Kg4 Qc8+
68. Kg5 Qc1+ 69. Kg4 Qd1+ 70. Kh4 Qe1+ 71. Kg4 Qe2+ 72. Kh4 Qe1+ 73. Kg4
Qd1+ 74. Kh4 Qe1+ 1/2-1/2

[Event "24th European Teams Women"]
[Site "Budva MNE"]
[Date "2023.11.20"]
[Round "9.9"]
[White "Lanchava, Tea"]
[Black "Levitan, Ronit"]
[Result "1-0"]
[WhiteElo "2241"]
[BlackElo "2109"]
[EventDate "2021.11.11"]
[Board "3"]

1. c4 e5 2. Nc3 Nf6 3. Nf3 Nc6 4. e3 Bb4 5. Qc2 Bxc3 6. bxc3 O-O 7. e4 d6
8. Be2 b6 9. O-O h6 10. h3 Nh7 11. d4 Qe7 12. Bd3 Qf6 13. Nh2 Qe7 14. Be3
Nf6 15. a3 Ba6 16. f4 Na5 17. fxe5 dxe5 18. Qe2 Rfe8 19. Rf5 Nd7 20. Ng4 f6
21. Raf1 Kh8 22. dxe5 fxe5 23. Nxh6 gxh6 24. Qh5 Rf8 25. Bxh6 Rxf5 26. Rxf5
Nf6 27. Rxf6 Qxf6 28. Bg5+ Kg7 29. Bxf6+ Kxf6 30. Qf5+ Ke7 31. Qxe5+ 1-0

[Event "24th European Teams Women"]
[Site "Budva MNE"]
[Date "2023.11.20"]
[Round "9.9"]
[White "Kochavi, Dana"]
[Black "Kazarian, Anna-Maja"]
[Result "1-0"]
[WhiteElo "2090"]
[BlackElo "2190"]
[EventDate "2021.11.11"]
[Board "4"]

1. e4 e6 2. d4 d5 3. Nc3 Nf6 4. e5 Nfd7 5. f4 c5 6. Nf3 Nc6 7. Be3 cxd4 8.
Nxd4 Bc5 9. Qd2 a6 10. Nce2 Qe7 11. g3 f6 12. Nxc6 bxc6 13. Nd4 fxe5 14.
Nxc6 Bxe3 15. Qxe3 exf4 16. gxf4 Qh4+ 17. Qg3 Qf6 18. Ne5 O-O 19. Nd3 Rb8
20. Bg2 a5 21. O-O Ba6 22. b3 Qc3 23. Qe1 Qd4+ 24. Kh1 Rf6 25. Qxa5 Bxd3
26. cxd3 Rbf8 27. Rae1 Nc5 28. Qb6 e5 29. Qb5 exf4 30. Bf3 Kh8 31. Rd1 Rf5
32. b4 Ne6 33. Bg4 Re5 34. Bxe6 Rxe6 35. Qc5 Qf6 36. Rf2 d4 37. Rdf1 g5 38.
b5 Rd8 39. Rb2 f3 40. b6 Qf4 41. Qc7 Rb8 42. Qxf4 gxf4 43. Rxf3 Rbxb6 44.
Rxb6 Rxb6 45. Rxf4 Ra6 46. Rf2 Ra3 47. Rd2 Kg7 48. Kg2 Kf6 49. Kf3 Kf5 50.
Kg3 Kg5 51. Kf3 Kf5 52. h4 h5 53. Rd1 Rxa2 54. Rg1 Rh2 55. Rg5+ Kf6 56.
Rxh5 Kg6 57. Rg5+ Kf6 58. Kg4 Rg2+ 59. Kf4 Rh2 60. Rg4 Re2 61. Rg3 Rh2 62.
Kg4 Kg6 63. Rh3 Rf2 64. Kg3 Rf1 65. Kg4 Rf2 66. Rf3 Rg2+ 67. Rg3 Rh2 68.
Rf3 Rg2+ 69. Kf4 Kh5 70. Ke4 Kxh4 71. Kxd4 Kg4 72. Rf8 Ra2 73. Ke4 Re2+ 74.
Kd5 Kg5 75. d4 Kg6 76. Kd6 Kg7 77. Rf4 Ra2 78. d5 Ra1 79. Ke7 Ra7+ 80. Ke6
Ra1 81. d6 Re1+ 82. Kd7 Ra1 83. Ke8 Re1+ 84. Kd8 Re2 85. d7 Re1 86. Kc7
Rc1+ 87. Kd6 Rd1+ 88. Ke6 Kg8 89. Rf5 Kg7 90. Rd5 1-0

[Event "24th European Teams Women"]
[Site "Budva MNE"]
[Date "2023.11.20"]
[Round "9.10"]
[White "Narva, Mai"]
[Black "Gaal, Zsoka"]
[Result "0-1"]
[WhiteElo "2387"]
[BlackElo "2304"]
[EventDate "2021.11.11"]
[Board "1"]

1. e4 c6 2. Nc3 d5 3. Nf3 Bg4 4. h3 Bxf3 5. Qxf3 Nf6 6. d4 dxe4 7. Qe3 g6
8. Nxe4 Nxe4 9. Qxe4 Bg7 10. c3 O-O 11. Be2 Nd7 12. Be3 Re8 13. O-O a5 14.
Rad1 a4 15. Qc2 Qc7 16. Bf3 a3 17. b3 Nf6 18. c4 Red8 19. Qc1 e6 20. Rfe1
Rd7 21. Re2 Qd8 22. Red2 Qf8 23. Qb1 Bh6 24. Bxh6 Qxh6 25. b4 e5 26. d5 Qf4
27. Qb3 e4 28. Rd4 cxd5 29. cxd5 Qe5 30. Be2 Rd6 31. Bc4 Nh5 32. Qe3 f5 33.
Bb3 Re8 34. Bc2 Nf4 35. g3 Nh5 36. Rc4 Qf6 37. Qc3 e3 38. Qxf6 Nxf6 39.
Rcd4 Kg7 40. fxe3 Rxe3 41. Kf2 Rc3 42. R1d2 b6 43. g4 Rxh3 44. gxf5 Rh2+
45. Kf3 Rxd2 46. Rxd2 gxf5 47. Kf4 Rxd5 48. Rg2+ Kf8 49. Bxf5 Rb5 50. Rh2
Rxb4+ 51. Ke5 Ke7 52. Rh3 Rb5+ 53. Kf4 Nd5+ 54. Ke4 Nf6+ 55. Kf4 Nd5+ 56.
Ke4 Kd6 57. Rxa3 Rb4+ 58. Kd3 Rf4 59. Be4 Nf6 60. Bb7 h5 61. Ke3 Ke5 62.
Rb3 Ng4+ 63. Ke2 Rf2+ 64. Ke1 Kf4 65. Bc8 Rxa2 66. Bxg4 hxg4 67. Rxb6 Kf3
68. Rb3+ Kg2 69. Rb1 g3 70. Rc1 Kh2 71. Rc8 g2 72. Rh8+ Kg1 73. Rg8 Ra5 74.
Re8 Rh5 75. Rg8 Kh1 0-1

[Event "24th European Teams Women"]
[Site "Budva MNE"]
[Date "2023.11.20"]
[Round "9.10"]
[White "Papp, Petra"]
[Black "Olde, Margareth"]
[Result "1/2-1/2"]
[WhiteElo "2283"]
[BlackElo "2147"]
[EventDate "2021.11.11"]
[Board "2"]

1. Nf3 d5 2. g3 Nf6 3. Bg2 c5 4. c4 d4 5. d3 Nc6 6. O-O e5 7. e3 Be7 8.
exd4 exd4 9. Na3 O-O 10. Nc2 Bg4 11. h3 Bh5 12. Rb1 h6 13. a3 a5 14. Qd2
Re8 15. b3 Qd7 16. Kh2 Nh7 17. Ng1 Bd6 18. Bb2 Re7 19. Rbe1 Rae8 20. Rxe7
Rxe7 21. Re1 Bg6 22. Nf3 Qf5 23. Rxe7 Bxe7 24. Nce1 h5 25. h4 Nf6 26. Qe2
Ng4+ 27. Kg1 Bf6 28. Bc1 Qe6 29. Qxe6 fxe6 30. Ng5 Nd8 31. Kf1 Kf8 32. Ke2
b6 33. Ne4 Be5 34. Ng5 Ke7 35. Nef3 Bd6 36. Nd2 Nf6 37. Nge4 Be5 38. Bf3
Nf7 39. Ng5 Nh6 40. Bg2 Bf5 41. Nge4 Nf7 42. Ng5 Nh6 43. Nde4 Nhg8 44. Bf3
Bg6 45. Bd2 Nxe4 46. Bxe4 Be8 47. Nxe6 Kxe6 48. Bd5+ Ke7 49. Bxg8 Bd6 50.
Bg5+ Kf8 51. Bd5 Bc7 52. Bf3 g6 53. Be4 Kg7 54. Bf3 Bd7 55. Be4 a4 56. bxa4
Bxa4 57. Bb7 Bd7 58. Bf3 Kf7 59. Kd2 Ba4 60. Bd5+ Kg7 61. Bf3 Bd7 62. Be4
Ba4 63. Bb7 Bd7 64. Bf3 Kf7 65. Bd1 Kg7 66. Ke1 Kf7 67. Bf3 Kg7 68. Bb7 Bf5
69. Ke2 Bd7 70. Bd5 Bf5 71. Bc6 Kf7 72. Bd5+ Kg7 73. Bc6 Kf7 74. Kd2 Kg7
75. Bf3 1/2-1/2

[Event "24th European Teams Women"]
[Site "Budva MNE"]
[Date "2023.11.20"]
[Round "9.10"]
[White "Sinitsina, Anastassia"]
[Black "Terbe, Julianna"]
[Result "1/2-1/2"]
[WhiteElo "2221"]
[BlackElo "2269"]
[EventDate "2021.11.11"]
[Board "3"]

1. e4 c5 2. Nf3 Nc6 3. Bb5 e6 4. O-O Nge7 5. Re1 Ng6 6. c3 d5 7. exd5 Qxd5
8. d4 cxd4 9. c4 Qd6 10. Nxd4 Bd7 11. Be3 Nxd4 12. Bxd7+ Qxd7 13. Qxd4 Qxd4
14. Bxd4 Ne7 15. Nc3 Nc6 16. Be3 O-O-O 17. Red1 Be7 18. Rab1 f5 19. Nb5 a6
20. Nd4 Nxd4 21. Bxd4 Bf6 22. Bxf6 gxf6 23. Kf1 Kc7 24. Ke2 a5 25. b3 h5
26. a3 h4 27. Rbc1 Rdg8 28. g3 hxg3 29. hxg3 Rd8 30. Rxd8 Rxd8 31. Rh1 a4
32. b4 f4 33. Rh7+ Kc6 34. Re7 fxg3 35. Rxe6+ Kd7 36. Rxf6 Re8+ 37. Kd2 Re4
38. fxg3 Rxc4 39. Rf4 Rc8 40. b5 Rg8 41. g4 Kd6 42. Rxa4 Kc5 43. Ke3 Kxb5
44. Rb4+ Kc5 45. Kf4 b5 46. g5 Rf8+ 47. Ke5 Rf3 48. Rg4 Rxa3 49. g6 Ra8 50.
g7 Rg8 51. Kf6 b4 52. Kf7 Ra8 53. g8=Q Rxg8 54. Rxg8 b3 55. Ke6 Kd4 56. Rg3
Kc4 57. Ke5 b2 58. Rg1 Kb3 59. Kd4 Ka2 60. Kc3 1/2-1/2

[Event "24th European Teams Women"]
[Site "Budva MNE"]
[Date "2023.11.20"]
[Round "9.10"]
[White "Lazarne Vajda, Szidonia"]
[Black "Blokhin, Sofia"]
[Result "0-1"]
[WhiteElo "2265"]
[BlackElo "1956"]
[EventDate "2021.11.11"]
[Board "4"]

1. d4 f5 2. Bf4 Nf6 3. e3 e6 4. Nf3 Be7 5. Bd3 O-O 6. h3 b6 7. c4 Bb7 8.
Nc3 Ne4 9. Qc2 Nxc3 10. Qxc3 a5 11. O-O-O Na6 12. a3 c5 13. d5 exd5 14.
cxd5 d6 15. g4 Bf6 16. Qc2 Bc8 17. Rhg1 b5 18. g5 Be7 19. Bxb5 Rb8 20. Bc4
Rf7 21. h4 Bf8 22. h5 Rfb7 23. b3 a4 24. Bxa6 Rxb3 25. Bxc8 Qxc8 26. Rd3
Qa6 27. Rxb3 axb3 28. Qb2 Qc4+ 29. Kb1 Qe4+ 30. Ka1 Qxf3 31. h6 c4 32. Rf1
c3 33. Qxc3 Qe2 0-1